000 004380000a22001690004500
003 MACL
005 20151230130718.0
008 151230b xxu||||| |||| 00| 0 eng d
040 _aMACL
_cMACL
041 _aEnglish
082 _a294/MUL
100 _aMuller, Max F
_924556
245 _aNatural Religion
_bThe Gifford Lecture
260 _bLongman's Green And Co
_c1898
_aBombay
650 _aReligion
_924824
942 _cBK
_k294/MUL
_2ddc
999 _c38123
_d38123